Kulíšek. (Pajac.) rozprávková veselohra pre deti v 3 dejstvách so spevmi a tancami

Bibliographic Details
Main Author: Průcha, Jaroslav, 1894-1936 (Author, Composer)
Other Authors: Szabó, Jozef (Translator)
Format: Book
Language:Slovak
PhysicalDescription:92 s. 8°
Published: Trnava František Urbánek 1931
Series:Urbánkova divadelná knižnica pre mládež
Subjects:

MARC

LEADER 00000nam a2200000 a 4500
001 vtls008392976
003 SK-MaSNL
005 20260301123549.0
008 251124s1931 xo slo
015 |a SKSNBA19191938-009937 
035 |a SK01SNKBSKHR20010085193 
035 |a SKM000087656 
040 |a SNK  |b slo  |c SNK  |e AACR2 
041 1 |a slo 
044 |a xo 
080 |a 885.0  |2 1981 
100 1 |a Průcha, Jaroslav,  |d 1894-1936  |4 aut  |4 cmp  |9 237902 
245 1 0 |a Kulíšek. (Pajac.)  |b rozprávková veselohra pre deti v 3 dejstvách so spevmi a tancami  |c nap. a hudbu slož. Jaroslav Průcha ; poslov. Jozef Szabó 
260 |a Trnava  |b František Urbánek  |c 1931  |e Trnava  |f Fr. Urbánek 
300 |a 92 s.  |c 8° 
490 0 |a Urbánkova divadelná knižnica pre mládež  |v zv. 9 
500 |a Ilustr. ob. 
505 0 |a Úvod. Režisérske pozn. 
650 0 7 |a české drámy  |2 SNK  |9 308750 
655 7 |a umelecká literatúra  |2 SNKPH  |9 60405 
700 1 |a Szabó, Jozef  |4 trl  |9 9221 
830 0 |a Urbánkova divadelná knižnica pre mládež  |9 346874 
852 |a Slovenská národná knižnica v Martine  |b 10000  |h MS SD 3558/9 
852 |a Univerzitná knižnica v Bratislave  |b 300000  |h SG 2274/9 
852 |a Univerzitná knižnica v Bratislave  |b 300000  |h XXG 547/9 
958 |a OND 
958 |a RK 
958 |a TL 
999 |c 736697  |d 738627 
952 |a SNK  |b SNK  |y VYP  |7 0  |p 17A0536070  |o snkSD 3558/9 D1  |i snkD 674/64  |8 1  |3 rekatalogizácia  |0 0  |1 0  |4 0  |d 2007-01-15  |l 0  |r 2026-02-23 22:46:51  |w 2026-02-23